Do You Really Know the TV Show Friends? Part 1 - Statistics

General Stats
  • This quiz has been taken 942 times
  • The average score is 8 of 15
Answer Stats
Question Answer % Correct
What color are the walls in Monica's apartment? Purple
98%
What country does Chandler tell Janice he is moving to? Yemen
88%
Where does Chandler spend Thanksgiving after sleeping with Joey's girlfriend? In a box
71%
Which of Ross's girlfriends does Rachel convince to shave her head? Bonnie
66%
What was the name of Joey's chair? Rosita
59%
What TV network does Phoebe hate? PBS
56%
What object hits Ross in the face at a Ranger game? Puck
56%
What type of product does Ross's monkey, Marcel, advertise? Beer
47%
Chandler has a third nipple he calls what? A nubbin
45%
What English dish does Rachel accidentally add into her trifle? Shepherds Pie
43%
What TV show character was Phoebe's OBGYN obsessed with? Fonzi
42%
What figure is on top of the Geller Cup? Troll doll
38%
Phoebe's ex-partner steals one of her songs and uses it for a jingle for what kind of product? Cat litter
36%
How many long stemmed red roses does Ross send to Emily? 72
35%
Joey showers in which famous actor's dressing room? Charleton Heston
12%
No matching quizzes found
Score Distribution
Percent of People with Each Score
Percentile by Number Answered
Your Score History
You have not taken this quiz